Loading...
| Fine Arts - Classical Music and Opera | 1 | 7 | 1 | 2 | 80 | 20 | 105.13 | 2 | 5 | 0.00 | 0.00 |
| Literature - American | 2 | 4 | 0 | 0 | 70 | 35 | 87.33 | 2 | 4 | 0.00 | 0.00 |
| Literature - British | 1 | 5 | 0 | 1 | 65 | 75 | 127.33 | 2 | 3 | 0.00 | 0.00 |
| Literature - European | 1 | 3 | 0 | 1 | 45 | 72 | 128.00 | 1 | 2 | 0.00 | 0.00 |
| Philosophy | 0 | 4 | 1 | 0 | 35 | 84 | 94.50 | 1 | 4 | 0.00 | 0.00 |
| Fine Arts - Other | 3 | 0 | 4 | 0 | 25 | 54 | 67.67 | 0 | 3 | 0.00 | 0.00 |
| Fine Arts - Visual | 1 | 1 | 1 | 0 | 20 | 80 | 94.00 | 0 | 0 | 0.00 | 0.00 |
| Literature - World | 1 | 0 | 0 | 0 | 15 | 54 | 54.00 | 0 | 1 | 0.00 | 0.00 |
| Social Science | 0 | 1 | 0 | 0 | 10 | 96 | 96.00 | 1 | 1 | 0.00 | 0.00 |
| Other Academic | 0 | 0 | 1 | 0 | -5 | 0.00 | 0 | 0 | 0.00 | 0.00 |